Ma sát học : Giáo trình dùng cho sinh viên, học viên cao học và kỹ sư các ngành kỹ thuật
Ý nghĩa to lớn của kỹ thuật ma sát đối với nền kinh tế quốc dân là ở chỗ, phần lớn máy móc bị hỏng không phải do gãy mà do mòn và do dư hỏng bề mặt ma sát trong các mối liên kết động. Phục hồi máy móc phải tốn phí nhiều tiền của, va...
Bewaard in:
| Hoofdauteur: | |
|---|---|
| Formaat: | Boek |
| Taal: | Undetermined |
| Gepubliceerd in: |
Hà Nội
Khoa học và Kỹ thuật
2005
|
| Onderwerpen: | |
| Tags: |
Voeg label toe
Geen labels, Wees de eerste die dit record labelt!
|
| Thư viện lưu trữ: | Trung tâm Học liệu Trường Đại học Cần Thơ |
|---|
| LEADER | 01230nam a2200217Ia 4500 | ||
|---|---|---|---|
| 001 | CTU_97224 | ||
| 008 | 210402s9999 xx 000 0 und d | ||
| 020 | |c 26000 | ||
| 082 | |a 531.1134 | ||
| 082 | |b T502 | ||
| 100 | |a Nguyễn, Anh Tuấn | ||
| 245 | 0 | |a Ma sát học : | |
| 245 | 0 | |b Giáo trình dùng cho sinh viên, học viên cao học và kỹ sư các ngành kỹ thuật | |
| 245 | 0 | |c Nguyễn Anh Tuấn, Phạm Văn Hùng | |
| 260 | |a Hà Nội | ||
| 260 | |b Khoa học và Kỹ thuật | ||
| 260 | |c 2005 | ||
| 520 | |a Ý nghĩa to lớn của kỹ thuật ma sát đối với nền kinh tế quốc dân là ở chỗ, phần lớn máy móc bị hỏng không phải do gãy mà do mòn và do dư hỏng bề mặt ma sát trong các mối liên kết động. Phục hồi máy móc phải tốn phí nhiều tiền của, vật tư, hàng chục vạn công nhân phải tham gia công việc này, hàng vạn máy công cụ được sử dụng trong các phân xưởng sửa chữa. | ||
| 650 | |a Rheology | ||
| 904 | |i Năm | ||
| 980 | |a Trung tâm Học liệu Trường Đại học Cần Thơ | ||